000 00779nam a22002531 4500
001 7753
003 BD-RjUL
005 20211208234452.0
008 140115s1963 nyua p 001 0 eng d
035 _a(BD-RjUL)7797
040 _aDLC
_cDLC
_dBD-RjUL
_beng
041 _aeng
082 0 0 _a512.807
_bEAG 1963
100 1 _aEarl, Boyd.
_924169
245 1 0 _aGroups and fields :
_ba programmed unit in modern mathematics
_cby Boyd Earl, J. William Moore [and] Wendell I. Smith.
260 _aNew York :
_bMcGraw-Hill,
_c1963.
300 _axii, 322 p.
_billus.
_c23 cm.
504 _aIncludes index.
650 0 _aAlgebra
_xProgrammed instruction.
_924170
650 0 _aAlgebra
_xProblems, exercises, etc.
_921610
942 _2ddc
_cBK
999 _c7753
_d7753